000 00568nam a2200205 a 4500
001 3115
003 CDMR
005 20151026134202.0
008 130130s1983||||||||||||||||||||||||||||d
020 _a9505030690
040 _aCDMR
_bcat
_cCDMR
100 1 _aStrentz, Herbert
_92274
245 1 0 _aPeriodistas y fuentes informativas
_cHerbert Strentz
260 _aBuenos Aires
_c1983
_bMarymar
300 _a144 p.
490 0 _aPeriodismo (Marymar)
650 0 4 _93564
_aPeriodisme
_xFonts d'informació
650 0 4 _93772
_aPeriodisme--Manuals d'estil
942 _cMON
_2udc
999 _c3115
_d3115